Edge detection in images using memory network (Record no. 3102)

MARC details
000 -LEADER
fixed length control field 00440nam a2200157Ia 4500
003 - CONTROL NUMBER IDENTIFIER
control field OSt
005 - DATE AND TIME OF LATEST TRANSACTION
control field 20220107122718.0
008 - FIXED-LENGTH DATA ELEMENTS--GENERAL INFORMATION
fixed length control field 130620s9999 xx 000 0 und d
040 ## - CATALOGING SOURCE
Transcribing agency IIITM-K
100 ## - MAIN ENTRY--PERSONAL NAME
Personal name Ollekkattil Sasidharan Sibimon
9 (RLIN) 1049
245 ## - TITLE STATEMENT
Title Edge detection in images using memory network
650 ## - SUBJECT ADDED ENTRY--TOPICAL TERM
Topical term or geographic name entry element PATTERN RECOGNITION
9 (RLIN) 1050
650 ## - SUBJECT ADDED ENTRY--TOPICAL TERM
Topical term or geographic name entry element EDGE DETECTION TECHNIQUE
9 (RLIN) 1051
650 ## - SUBJECT ADDED ENTRY--TOPICAL TERM
Topical term or geographic name entry element MEMORY NETWORK
9 (RLIN) 1052
942 ## - ADDED ENTRY ELEMENTS (KOHA)
Source of classification or shelving scheme Dewey Decimal Classification
Koha item type
Holdings
Withdrawn status Lost status Damaged status Not for loan Home library Current library Date acquired Total Checkouts Barcode Date last seen Price effective from Koha item type Source of classification or shelving scheme
        IIITM-K Kerala University of Digital Sciences, Innovation and Technology Knowledge Centre 19/06/2013   R-349 19/06/2013 19/06/2013 Project Reports  
        IIITM-K Kerala University of Digital Sciences, Innovation and Technology Knowledge Centre 16/12/2016   R-990 16/12/2016 16/12/2016 Project Reports Dewey Decimal Classification